书目信息 |
| 题名: |
材料合成与制备
|
|
| 作者: | 乔英杰 主编 | |
| 分册: | ||
| 出版信息: | 北京 国防工业出版社 2010.04 |
|
| 页数: | 232页 | |
| 开本: | 26cm | |
| 丛书名: | ||
| 单 册: | ||
| 中图分类: | TB3 | |
| 科图分类: | ||
| 主题词: | 材料--cai liao--合成--方法--高等学校--教材 , 材料--cai liao--制备--方法--高等学校--教材 | |
| 电子资源: | ||
| ISBN: | 978-7-118-06654-8 | |
| 000 | 00930nam0 2200253 450 | |
| 001 | 012010743509 | |
| 005 | 20201027164304.81 | |
| 010 | @a978-7-118-06654-8@dCNY29.00 | |
| 100 | @a20100531d2010 em y0chiy0120 ea | |
| 101 | 0 | @achi |
| 102 | @aCN@b110000 | |
| 105 | @aak a 000yy | |
| 200 | 1 | @a材料合成与制备@Acai liao he cheng yu zhi bei@f乔英杰主编@Fqiao ying jie zhu bian |
| 210 | @a北京@c国防工业出版社@d2010.04 | |
| 215 | @a232页@c图@d26cm | |
| 300 | @a普通高等院校“十一五”规划教材 | |
| 320 | @a有书目 (第231-232页) | |
| 330 | @a本书主要内容包括:溶胶—凝胶合成、水热/溶剂热合成、电解合成、定向凝固工艺、化学气相沉积、低温固相合成、热压烧结成以及放电等离子体烧结工艺。 | |
| 606 | 0 | @a材料@Acai liao@x合成@x方法@x高等学校@j教材 |
| 606 | 0 | @a材料@Acai liao@x制备@x方法@x高等学校@j教材 |
| 690 | @aTB3@v4 | |
| 701 | 0 | @a乔英杰@Aqiao ying jie@4主编 |
| 801 | 0 | @aCN@bQSSK@c20100531 |
| 905 | @b779662-64@dTB3@eQ341@f3 | |
| 材料合成与制备/乔英杰主编.-北京:国防工业出版社,2010.04 |
| 232页:图;26cm |
| 普通高等院校“十一五”规划教材 |
| ISBN 978-7-118-06654-8:CNY29.00 |
| 本书主要内容包括:溶胶—凝胶合成、水热/溶剂热合成、电解合成、定向凝固工艺、化学气相沉积、低温固相合成、热压烧结成以及放电等离子体烧结工艺。 |
| ● |
| 相关链接 |
|
|
|
正题名:材料合成与制备
索取号:TB3/Q341
 
预约/预借
| 序号 | 登录号 | 条形码 | 馆藏地/架位号 | 状态 | 备注 |
| 1 | 1300838 | 213008387 | 自科库501/501自科库 8排4列4层/ [索取号:TB3/Q341] | 在馆 | |
| 2 | 1499143 | 214991437 | 自科库501/501自科库 8排4列4层/ [索取号:TB3/Q341] | 在馆 | |
| 3 | 491354 | 204913549 | 自科库501/501自科库 8排4列4层/ [索取号:TB3/Q341] | 在馆 | |
| 4 | 779662 | 207796624 | 自科库501/501自科库 8排4列4层/ [索取号:TB3/Q341] | 在馆 | |
| 5 | 779663 | 207796633 | 自科库501/501自科库 8排4列4层/ [索取号:TB3/Q341] | 在馆 | |
| 6 | 779664 | 207796642 | 自科库501/501自科库 8排4列4层/ [索取号:TB3/Q341] | 在馆 |